[Event "15th EUR-ch (w)"]
[Site "Plovdiv BUL"]
[Date "2014.07.12"]
[Round "7.7"]
[White "Socko, Monika"]
[Black "Batsiashvili, Nino"]
[Result "0-1"]
[WhiteElo "2462"]
[BlackElo "2417"]
[EventDate "2014.07.06"]
[PlyCount "142"]

1.e4 e5 2.Nf3 Nc6 3.Bc4 Nf6 4.Ng5 d5 5.exd5 Na5 6.Bb5+ c6 7.dxc6 bxc6 8.
Be2 h6 9.Nh3 Bc5 10.d3 O-O 11.O-O Nd5 12.c4 Bxh3 13.cxd5 Bf5 14.Be3 Qxd5 
15.Nc3 Qd6 16.Qa4 Bb6 17.Rac1 Rfc8 18.Ne4 Qc7 19.Bf3 Nb7 20.Bxh6 gxh6 21.
Nf6+ Kg7 22.Rxc6 Nc5 23.Nh5+ Kf8 24.Qa3 Qxc6 25.Bxc6 Rxc6 26.Qc3 Re6 27.d4
exd4 28.Qxd4 Rd8 29.Qf4 Bd3 30.Rc1 Ne4 31.h3 Bxf2+ 32.Kh1 Bd4 33.Qh4 Red6 
34.Rc7 Ng5 35.Qe1 Ne6 36.Rc1 Bg6 37.Qe2 Bb6 38.Re1 Rd2 39.Qe5 Bd4 40.Qa5 
Bxb2 41.Ng3 Rd1 42.Kh2 Rxe1 43.Qxe1 Bd4 44.h4 h5 45.Qe2 Rd5 46.Qf3 Re5 47.
Ne2 Bb6 48.Nc3 Bc7 49.g3 Rf5 50.Qa8+ Kg7 51.Qxa7 Rc5 52.Qa3 Be5 53.Ne2 Rc2
54.Qe3 Bf6 55.Kh1 Rxa2 56.Nf4 Nxf4 57.Qxf4 Re2 58.Kg1 Re4 59.Qf3 Be5 60.
Kh2 Rg4 61.Qe3 Bxg3+ 62.Kh3 Bxh4 63.Qe5+ Bf6 64.Qd5 Rg5 65.Qd6 Bf5+ 66.Kh2
Be6 67.Qd2 h4 68.Qd3 h3 69.Qd1 Bd5 70.Kxh3 Bg2+ 71.Kh2 Be5+ 0-1

[Event "15th EUR-ch (w)"]
[Site "Plovdiv BUL"]
[Date "2014.07.12"]
[Round "7.8"]
[White "Ptacnikova, Lenka"]
[Black "Danielian, Elina"]
[Result "0-1"]
[WhiteElo "2310"]
[BlackElo "2458"]
[EventDate "2014.07.06"]
[PlyCount "76"]

1.c4 c5 2.g3 Nc6 3.Bg2 g6 4.Nc3 Bg7 5.Nf3 d6 6.d3 e6 7.O-O Nge7 8.a3 b6 9.
Rb1 Bb7 10.e4 O-O 11.Bg5 h6 12.Bd2 Rc8 13.b4 Qd7 14.Qa4 Rfd8 15.Rfd1 Ba8 
16.Ne1 g5 17.b5 Nd4 18.Nc2 Ng6 19.Nxd4 cxd4 20.Ne2 f5 21.Qb3 Rf8 22.a4 Qf7
23.Rf1 fxe4 24.dxe4 d3 25.Nc1 Ne5 26.Bb4 Nf3+ 27.Bxf3 Qxf3 28.Qxd3 Bxe4 
29.Qxf3 Rxf3 30.Rb3 Rxc4 31.Rxf3 Bxf3 32.Bxd6 Rxa4 33.h3 Kf7 34.g4 h5 35.
gxh5 Rh4 36.Re1 Rxh3 37.Bh2 Bc3 38.Re3 Bd2 0-1

[Event "15th EUR-ch (w)"]
[Site "Plovdiv BUL"]
[Date "2014.07.12"]
[Round "7.9"]
[White "Pahtz, Elisabeth"]
[Black "Gvetadze, Sopio"]
[Result "1/2-1/2"]
[WhiteElo "2456"]
[BlackElo "2356"]
[EventDate "2014.07.06"]
[PlyCount "37"]

1.e4 c6 2.d4 g6 3.Nc3 Bg7 4.Nf3 d5 5.h3 dxe4 6.Nxe4 Nf6 7.Nxf6+ exf6 8.Bc4
O-O 9.O-O Nd7 10.Bb3 a5 11.a4 Nb6 12.c4 Be6 13.Qd3 Bf5 14.Qe2 Re8 15.Qd1 
Be6 16.Qd3 Bf5 17.Qd1 Be6 18.Qd3 Bf5 19.Qd1 1/2-1/2

[Event "15th EUR-ch (w)"]
[Site "Plovdiv BUL"]
[Date "2014.07.12"]
[Round "7.10"]
[White "Nikolova, Adriana"]
[Black "Mkrtchian, Lilit"]
[Result "1-0"]
[WhiteElo "2303"]
[BlackElo "2446"]
[EventDate "2014.07.06"]
[PlyCount "93"]

1.e4 e6 2.d4 d5 3.Nd2 Nc6 4.Ngf3 Nf6 5.e5 Nd7 6.Bd3 Nb4 7.Be2 c5 8.c3 Nc6 
9.O-O Qb6 10.c4 cxd4 11.cxd5 exd5 12.Nb3 Ndxe5 13.Nxe5 Nxe5 14.Nxd4 Bc5 
15.Nb5 Be6 16.Bf4 f6 17.b4 Be7 18.Rc1 Rc8 19.Rxc8+ Bxc8 20.Bxe5 fxe5 21.
Qxd5 a6 22.Bh5+ g6 23.Qxe5 O-O 24.Qxe7 axb5 25.Bf3 Be6 26.Qxb7 Qxb7 27.
Bxb7 Bxa2 28.Ra1 Rf7 29.Rxa2 Rxb7 30.g3 Kg7 31.Ra6 g5 32.Re6 g4 33.Kg2 h5 
34.h3 gxh3+ 35.Kxh3 Kh7 36.Kh4 Rd7 37.Re4 Kg6 38.f4 Rd1 39.Re6+ Kf7 40.Re5
Rh1+ 41.Kg5 Rh3 42.g4 hxg4 43.Kxg4 Rh1 44.Rxb5 Kg7 45.Kg5 Kf7 46.Rb7+ Kf8 
47.f5 1-0

[Event "15th EUR-ch (w)"]
[Site "Plovdiv BUL"]
[Date "2014.07.12"]
[Round "7.11"]
[White "Mammadzada, Gunay"]
[Black "Milliet, Sophie"]
[Result "1-0"]
[WhiteElo "2182"]
[BlackElo "2406"]
[EventDate "2014.07.06"]
[PlyCount "61"]

1.e4 e5 2.Nf3 Nc6 3.Bb5 a6 4.Ba4 Nf6 5.O-O Be7 6.Re1 b5 7.Bb3 O-O 8.c3 d5 
9.d4 exd4 10.e5 Ne4 11.cxd4 Bg4 12.Nc3 Nxc3 13.bxc3 Qd7 14.h3 Bf5 15.Bg5 
Be4 16.Bxe7 Bxf3 17.Qxf3 Nxe7 18.g4 Rab8 19.Qe3 Rb6 20.f4 h5 21.f5 hxg4 
22.hxg4 g6 23.Bc2 gxf5 24.gxf5 Nxf5 25.Qh3 Rg6+ 26.Kf2 f6 27.e6 Qd6 28.
Bxf5 Qf4+ 29.Ke2 Rh6 30.Rg1+ Kh8 31.Qxh6+ 1-0

[Event "15th EUR-ch (w)"]
[Site "Plovdiv BUL"]
[Date "2014.07.12"]
[Round "7.12"]
[White "Szczepkowska-Horowska, Karina"]
[Black "Charochkina, Daria"]
[Result "1-0"]
[WhiteElo "2369"]
[BlackElo "2375"]
[EventDate "2014.07.06"]
[PlyCount "105"]

1.e4 c5 2.Nc3 Nc6 3.Bb5 d6 4.Bxc6+ bxc6 5.d3 e5 6.Nge2 g6 7.O-O Bg7 8.h3 
Nf6 9.f4 exf4 10.Bxf4 Qe7 11.Bg5 h6 12.Bh4 g5 13.Bf2 Rb8 14.Rb1 O-O 15.Ng3
d5 16.Re1 d4 17.Na4 Be6 18.b3 Nd7 19.Nb2 Ne5 20.Nc4 Nxc4 21.dxc4 Qd7 22.
Nh5 f5 23.exf5 Bxf5 24.Bg3 Rbe8 25.Nxg7 Qxg7 26.Qd2 Qg6 27.Rxe8 Rxe8 28.
Rc1 Re3 29.Qf2 Kf7 30.Bb8 g4 31.Rf1 Ke6 32.h4 Qf6 33.Qf4 Re2 34.Qc7 d3 35.
cxd3 Qd4+ 36.Kh1 Qxd3 37.Qxc6+ Kf7 38.h5 Re6 39.Qc7+ Kg8 40.Qf4 Rf6 41.Be5
Rf7 42.Ba1 g3 43.Kg1 Kf8 44.Qb8+ Ke7 45.Qxa7+ Ke8 46.Qb8+ Ke7 47.Qc7+ Ke8 
48.Re1+ Be4 49.Qc6+ Kd8 50.Bf6+ Rxf6 51.Qxf6+ Kd7 52.Qf7+ Kd8 53.Qf4 1-0

[Event "15th EUR-ch (w)"]
[Site "Plovdiv BUL"]
[Date "2014.07.12"]
[Round "7.13"]
[White "Pogonina, Natalia"]
[Black "Abdulla, Khayala"]
[Result "1-0"]
[WhiteElo "2508"]
[BlackElo "2233"]
[EventDate "2014.07.06"]
[PlyCount "133"]

1.e4 e6 2.d4 d5 3.Nd2 a6 4.Ngf3 c5 5.dxc5 Bxc5 6.Bd3 Nc6 7.O-O Nge7 8.exd5
exd5 9.Nb3 Bb6 10.Re1 O-O 11.Be3 Bc7 12.Bc5 b6 13.Ba3 Bd6 14.Bxd6 Qxd6 15.
c3 Ng6 16.Nbd4 Bg4 17.Nxc6 Qxc6 18.Nd4 Qc8 19.Qd2 Qc5 20.Qg5 Bd7 21.h4 Qd6
22.h5 f6 23.Qd2 Ne5 24.Bf5 Rad8 25.Rad1 Bxf5 26.Nxf5 Qc7 27.Qf4 Kh8 28.Rd4
Rfe8 29.Red1 Qf7 30.Qg3 Rg8 31.Qh4 Nc6 32.R4d2 Qe6 33.Ne3 Ne7 34.c4 d4 35.
Rxd4 Rxd4 36.Qxd4 h6 37.Qd6 Qxd6 38.Rxd6 Rb8 39.Rd7 Nc6 40.Nf5 Ne5 41.Rxg7
Rd8 42.b3 Rd1+ 43.Kh2 Rd2 44.Kg3 Rxa2 45.Rb7 Rb2 46.Rxb6 Nxc4 47.Rxa6 
Rxb3+ 48.f3 Nd2 49.Nxh6 Rb5 50.Rxf6 Rxh5 51.Nf5 Rg5+ 52.Kf2 Kh7 53.g4 Nc4 
54.Re6 Kg8 55.Kg3 Kf7 56.Re4 Nb6 57.f4 Rg6 58.g5 Nd5 59.Re5 Nf6 60.Kh4 Ng8
61.Ne3 Ne7 62.f5 Rg8 63.Nd5 Nc6 64.Re6 Nd4 65.g6+ Kg7 66.Re7+ Kf8 67.Rf7+ 
1-0

[Event "15th EUR-ch (w)"]
[Site "Plovdiv BUL"]
[Date "2014.07.12"]
[Round "7.14"]
[White "Ovod, Evgenia"]
[Black "Skripchenko, Almira"]
[Result "1/2-1/2"]
[WhiteElo "2330"]
[BlackElo "2449"]
[EventDate "2014.07.06"]
[PlyCount "94"]

1.d4 e6 2.c4 c5 3.d5 exd5 4.cxd5 d6 5.e4 g6 6.Nc3 Bg7 7.f4 a6 8.Nf3 Ne7 9.
a4 O-O 10.Be2 Bg4 11.h3 Bxf3 12.Bxf3 f5 13.g4 Nd7 14.O-O Rb8 15.Qe2 Re8 
16.a5 Kh8 17.Qd3 Rc8 18.Be3 Ng8 19.Bf2 fxg4 20.Bxg4 g5 21.Bxd7 Qxd7 22.
fxg5 Ne7 23.Kg2 Ng6 24.Bg3 c4 25.Qe3 Rc5 26.Rf2 Kg8 27.Na4 Rc7 28.Nb6 Qd8 
29.Rc1 c3 30.bxc3 Rce7 31.Re1 Rc7 32.c4 Be5 33.h4 Rg7 34.Kh3 Bxg3 35.Qxg3 
Ne5 36.Rf5 Qc7 37.Ref1 h6 38.Qf2 hxg5 39.Rf8+ Rxf8 40.Qxf8+ Kh7 41.Qf5+ 
Kh8 42.Qe6 Qc5 43.Rf8+ Kh7 44.Qf5+ Ng6 45.hxg5 Qe3+ 46.Kh2 Qe2+ 47.Kg1 
Qe1+ 1/2-1/2

[Event "15th EUR-ch (w)"]
[Site "Plovdiv BUL"]
[Date "2014.07.12"]
[Round "7.15"]
[White "Golubenko, Valentina"]
[Black "Goriachkina, Alexandra"]
[Result "0-1"]
[WhiteElo "2292"]
[BlackElo "2434"]
[EventDate "2014.07.06"]
[PlyCount "102"]

1.d4 d5 2.c4 c6 3.cxd5 cxd5 4.Nc3 Nf6 5.Bf4 Nc6 6.e3 a6 7.Bd3 Bg4 8.Nge2 
e6 9.O-O Be7 10.Rc1 Bh5 11.Qb3 Ra7 12.Na4 Nd7 13.f3 O-O 14.e4 Nf6 15.e5 
Nd7 16.Bd2 f6 17.Nf4 Bf7 18.Qc2 g6 19.Be3 fxe5 20.Nxg6 hxg6 21.Bxg6 Kg7 
22.Bxf7 Rxf7 23.Qf2 Bh4 24.Qd2 Ra8 25.dxe5 Ndxe5 26.Nc5 Qf6 27.f4 Nc4 28.
Qe2 Qg6 29.b3 Nxe3 30.Qxe3 Nd8 31.Rf3 Qf5 32.Nd3 Kg8 33.Ne5 Rg7 34.Rh3 Bf6
35.Rf1 Rc8 36.Rg3 Nc6 37.Rc1 Bxe5 38.fxe5 Rf8 39.Rxg7+ Kxg7 40.Qg3+ Qg6 
41.Qe3 Rf5 42.Qb6 Qf7 43.h3 Rxe5 44.Rc3 Rg5 45.h4 Rg4 46.h5 d4 47.Rh3 e5 
48.h6+ Kh7 49.Qc5 e4 50.Rh5 Qg6 51.Rh2 e3 0-1

[Event "15th EUR-ch (w)"]
[Site "Plovdiv BUL"]
[Date "2014.07.12"]
[Round "7.16"]
[White "Bodnaruk, Anastasia"]
[Black "Vasilevich, Irina"]
[Result "0-1"]
[WhiteElo "2429"]
[BlackElo "2328"]
[EventDate "2014.07.06"]
[PlyCount "82"]

1.e4 e5 2.Bc4 Nf6 3.d3 c6 4.Bb3 d5 5.exd5 cxd5 6.Nf3 Nc6 7.O-O Be7 8.Ba4 
Bg4 9.h3 Bh5 10.g4 Nxg4 11.Nxe5 Nxe5 12.Qxh5 O-O 13.f4 Bc5+ 14.Kh2 g6 15.
Qe2 Nd7 16.c3 Nf6 17.Nd2 Re8 18.Qg2 Qc7 19.Nf3 Bd6 20.Nh4 Nh5 21.Qf3 Re6 
22.Nf5 Bf8 23.Bd2 Rae8 24.Bd1 Rf6 25.Ng3 Nxg3 26.Qxg3 Bd6 27.Kh1 Ne7 28.
Bb3 Nf5 29.Qf3 Re2 30.Rf2 Rxd2 31.Rxd2 Bxf4 32.Rf2 Be3 33.Rg2 d4 34.Re1 
Kg7 35.cxd4 Bxd4 36.Qg4 h5 37.Qg5 h4 38.Rc2 Ng3+ 39.Kg2 Qxc2+ 40.Bxc2 Rf2+
41.Kg1 Re2+ 0-1

[Event "15th EUR-ch (w)"]
[Site "Plovdiv BUL"]
[Date "2014.07.12"]
[Round "7.17"]
[White "Arabidze, Meri"]
[Black "Videnova, Iva"]
[Result "1-0"]
[WhiteElo "2406"]
[BlackElo "2315"]
[EventDate "2014.07.06"]
[PlyCount "81"]

1.d4 Nf6 2.c4 g6 3.Nc3 d5 4.cxd5 Nxd5 5.Bd2 Bg7 6.e4 Nxc3 7.Bxc3 O-O 8.Nf3
Bg4 9.Be2 c5 10.d5 e6 11.O-O exd5 12.exd5 Qd6 13.Qb3 b6 14.Bxg7 Kxg7 15.
Nd4 Qf4 16.Bxg4 Qxd4 17.Bf3 Nd7 18.Rad1 Qf6 19.Qa4 Ne5 20.Be2 h5 21.h3 
Rfd8 22.f4 Nd7 23.Rf2 h4 24.Ba6 Qd6 25.Bb7 Rab8 26.Bc6 Nf6 27.Qxa7 Ne4 28.
Rf3 Ng3 29.Re1 Nf5 30.Re6 Qf8 31.Re5 Nd4 32.Rf1 Rd6 33.Qc7 b5 34.Re7 Rbd8 
35.Rfe1 Nf5 36.Re8 Rxe8 37.Rxe8 Rxc6 38.Qxc6 Qd6 39.Qxd6 Nxd6 40.Rd8 Nc4 
41.Rc8 1-0

[Event "15th EUR-ch (w)"]
[Site "Plovdiv BUL"]
[Date "2014.07.12"]
[Round "7.18"]
[White "Foisor, Cristina"]
[Black "Ozturk, Kubra"]
[Result "1-0"]
[WhiteElo "2383"]
[BlackElo "2311"]
[EventDate "2014.07.06"]
[PlyCount "59"]

1.c4 e5 2.g3 Nf6 3.Bg2 d5 4.cxd5 Nxd5 5.Nc3 Nb6 6.e3 Be7 7.Nge2 O-O 8.O-O 
c6 9.d4 exd4 10.Nxd4 Na6 11.a3 Nc5 12.Qc2 Bg4 13.h3 Bh5 14.f4 Ne6 15.Nf5 
Bf6 16.Ne4 Bg6 17.Rd1 Nd5 18.g4 Bxf5 19.gxf5 Nec7 20.Nf2 Qe7 21.e4 Nb6 22.
Be3 Rfd8 23.Qb3 c5 24.Ng4 Bd4 25.Bxd4 cxd4 26.Rac1 Na6 27.f6 gxf6 28.Nh6+ 
Kf8 29.Qg3 Qe6 30.Nf5 1-0

[Event "15th EUR-ch (w)"]
[Site "Plovdiv BUL"]
[Date "2014.07.12"]
[Round "7.19"]
[White "Savina, Anastasia"]
[Black "Ambartsumova, Karina"]
[Result "1/2-1/2"]
[WhiteElo "2383"]
[BlackElo "2301"]
[EventDate "2014.07.06"]
[PlyCount "50"]

1.d4 Nf6 2.c4 e6 3.Nc3 Bb4 4.Qc2 d5 5.a3 Bxc3+ 6.Qxc3 O-O 7.Nf3 dxc4 8.
Qxc4 b6 9.Bg5 Ba6 10.Qc2 Nbd7 11.Rd1 Qc8 12.g3 c5 13.Bg2 Bb7 14.O-O cxd4 
15.Qxc8 Raxc8 16.Nxd4 Bxg2 17.Kxg2 Ne5 18.Rc1 Nc4 19.b3 Nxa3 20.Bf4 Rcd8 
21.e3 Rd5 22.Nc6 Rd7 23.Nd4 Rd5 24.Nc6 Rd7 25.Nd4 Rd5 1/2-1/2

[Event "15th EUR-ch (w)"]
[Site "Plovdiv BUL"]
[Date "2014.07.12"]
[Round "7.20"]
[White "Yildiz, Betul Cemre"]
[Black "Gaponenko, Inna"]
[Result "1-0"]
[WhiteElo "2312"]
[BlackElo "2380"]
[EventDate "2014.07.06"]
[PlyCount "121"]

1.d4 Nf6 2.Nf3 e6 3.c4 d5 4.Nc3 dxc4 5.e3 a6 6.Bxc4 c5 7.O-O b5 8.Be2 Bb7 
9.dxc5 Bxc5 10.Qxd8+ Kxd8 11.Nd2 Nbd7 12.Nb3 Bb6 13.a4 b4 14.a5 Ba7 15.Na4
Bd5 16.Nd4 Ne4 17.f3 Nec5 18.Nxc5 Nxc5 19.f4 Ke7 20.Bd2 Rab8 21.Rfc1 Rhc8 
22.Bc4 Kd7 23.Be2 f6 24.Rd1 Ke8 25.Kf1 e5 26.Nf5 Rc6 27.Bxb4 Bxg2+ 28.Kxg2
Rxb4 29.Rd6 Rc7 30.Rad1 g6 31.Rxf6 Rxb2 32.Nd6+ Kd7 33.Kf1 Rxe2 34.Kxe2 
exf4 35.Nb5+ Ke7 36.Nxc7 Kxf6 37.exf4 Bb8 38.Nd5+ Ke6 39.Kf3 Nb3 40.Nb4 
Bd6 41.Nc6 Kd7 42.Ne5+ Ke6 43.Nc4 Bc7 44.Kg4 Nc5 45.h3 h6 46.Kf3 Nb3 47.h4
Nc5 48.Rg1 Kf6 49.Ne5 Bxe5 50.fxe5+ Kf5 51.Rb1 g5 52.h5 g4+ 53.Kg3 Ne4+ 
54.Kg2 Kxe5 55.Rb6 Nf6 56.Rxa6 Nxh5 57.Rxh6 Nf4+ 58.Kg3 Nd5 59.a6 Nc7 60.
a7 Kd5 61.Rh8 1-0

[Event "15th EUR-ch (w)"]
[Site "Plovdiv BUL"]
[Date "2014.07.12"]
[Round "7.21"]
[White "Manakova, Maria"]
[Black "Schleining, Zoya"]
[Result "0-1"]
[WhiteElo "2273"]
[BlackElo "2376"]
[EventDate "2014.07.06"]
[PlyCount "152"]

1.e4 c5 2.Nf3 Nc6 3.d4 cxd4 4.Nxd4 Qc7 5.Nc3 e6 6.Be2 Nf6 7.O-O a6 8.Be3 
Be7 9.f4 d6 10.Kh1 O-O 11.Bf3 Rb8 12.Qe1 Nxd4 13.Bxd4 b5 14.Qg3 Bb7 15.e5 
Ne8 16.Ne4 Bxe4 17.exd6 Bxd6 18.Bxe4 f5 19.Bd3 Nf6 20.Qe3 Rbe8 21.Be5 Bxe5
22.Qxe5 Qxe5 23.fxe5 Nd7 24.Rfe1 Nc5 25.Be2 Rd8 26.Rad1 Na4 27.b3 Nc3 28.
Rd3 Rxd3 29.Bxd3 Nxa2 30.c4 Rd8 31.Bf1 Nc3 32.Ra1 Rd1 33.Rxd1 Nxd1 34.cxb5
axb5 35.Bxb5 Nf2+ 36.Kg1 Ng4 37.h3 Nxe5 38.Kf2 Kf7 39.Ke3 Ke7 40.Kd4 Kd6 
41.Be8 g6 42.Bb5 Nc6+ 43.Kc3 g5 44.Be2 Kc5 45.Bc4 e5 46.Bg8 h5 47.Bf7 h4 
48.Be6 Ne7 49.Bd7 Kd6 50.Bb5 Nd5+ 51.Kd2 e4 52.Ke1 Ke5 53.Bd7 Nf4 54.Kf2 
Nd3+ 55.Ke3 Nc5 56.Bc8 Nxb3 57.Bd7 Nc5 58.Bc8 Ne6 59.Bd7 Nf4 60.Kf2 Nh5 
61.Ke3 Nf6 62.Bc8 Nd5+ 63.Kf2 Kf4 64.Be6 Nc3 65.Bc8 e3+ 66.Kf1 g4 67.hxg4 
fxg4 68.Bd7 Kg3 69.Bc6 Kh2 70.Bb7 h3 71.gxh3 Kxh3 72.Bc8 Kg3 73.Bb7 Kh2 
74.Bc8 g3 75.Bb7 e2+ 76.Ke1 g2 0-1

[Event "15th EUR-ch (w)"]
[Site "Plovdiv BUL"]
[Date "2014.07.12"]
[Round "7.23"]
[White "Bulmaga, Irina"]
[Black "Foisor, Mihaela-Veronica"]
[Result "1-0"]
[WhiteElo "2357"]
[BlackElo "2257"]
[EventDate "2014.07.06"]
[PlyCount "55"]

1.e4 e6 2.d4 d5 3.Nc3 dxe4 4.Nxe4 Nd7 5.Nf3 Ngf6 6.Bd3 Nxe4 7.Bxe4 Nf6 8.
Bg5 Be7 9.Bxf6 Bxf6 10.Qe2 O-O 11.O-O-O Qd6 12.h4 Bd7 13.Qd3 g6 14.h5 Qf4+
15.Kb1 Bb5 16.Qxb5 Qxe4 17.hxg6 hxg6 18.Ng5 Qf4 19.Nh7 Rfd8 20.Nxf6+ Qxf6 
21.Qxb7 c5 22.Rh3 cxd4 23.Rdh1 Rf8 24.Qc7 d3 25.Qh2 dxc2+ 26.Kc1 Qg5+ 27.
f4 Qc5 28.Rc3 1-0

[Event "15th EUR-ch (w)"]
[Site "Plovdiv BUL"]
[Date "2014.07.12"]
[Round "7.24"]
[White "Galoian, Lilit"]
[Black "Kocetkova, Julia"]
[Result "0-1"]
[WhiteElo "2277"]
[BlackElo "2333"]
[EventDate "2014.07.06"]
[PlyCount "104"]

1.c4 e5 2.Nc3 Nf6 3.Nf3 Nc6 4.g3 Bc5 5.Nxe5 Bxf2+ 6.Kxf2 Nxe5 7.e4 c5 8.d3
O-O 9.h3 d6 10.Bg2 Ne8 11.Rf1 a6 12.Kg1 Rb8 13.Be3 Nc7 14.b3 Ne6 15.Rf2 
Nd4 16.Ne2 Nxe2+ 17.Qxe2 b5 18.cxb5 axb5 19.d4 cxd4 20.Bxd4 Qe7 21.Rd1 Be6
22.Be3 Rfc8 23.Qb2 Rc6 24.Rc2 Ra6 25.Qd4 Bxh3 26.Bf4 Bxg2 27.Kxg2 h6 28.
Bxe5 dxe5 29.Qd7 Qf6 30.Rd5 Rba8 31.Rc8+ Rxc8 32.Qxc8+ Kh7 33.Qc2 b4 34.
Qd2 Rc6 35.Rd3 Qe7 36.Qf2 Qc7 37.Qf5+ Rg6 38.Rf3 Kg8 39.Rf2 Rf6 40.Qg4 
Rxf2+ 41.Kxf2 Qc2+ 42.Ke3 Qc3+ 43.Kf2 Qc2+ 44.Ke3 g6 45.Qd7 Qc3+ 46.Ke2 
Qxg3 47.Qc8+ Kg7 48.Qc4 Qg2+ 49.Ke1 Qg1+ 50.Ke2 Qd4 51.Qc2 h5 52.Kf3 Qc3+ 
0-1

[Event "15th EUR-ch (w)"]
[Site "Plovdiv BUL"]
[Date "2014.07.12"]
[Round "7.25"]
[White "Kursova, Maria"]
[Black "Mamedyarova, Turkan"]
[Result "1/2-1/2"]
[WhiteElo "2331"]
[BlackElo "2205"]
[EventDate "2014.07.06"]
[PlyCount "93"]

1.d4 d5 2.Nf3 Nf6 3.c4 e6 4.Nc3 c6 5.e3 Nbd7 6.Qc2 Bd6 7.Bd3 O-O 8.O-O 
dxc4 9.Bxc4 b5 10.Be2 Bb7 11.e4 e5 12.dxe5 Nxe5 13.Nd4 Neg4 14.g3 Bxg3 15.
hxg3 Qxd4 16.Qd1 Qxd1 17.Rxd1 h5 18.f3 Ne5 19.Kf2 a5 20.Bf4 Ng6 21.Bg5 
Rfe8 22.Rd2 a4 23.a3 Nh7 24.Be3 Rad8 25.Rxd8 Rxd8 26.Rh1 Nf6 27.Bg5 Ne5 
28.Bxf6 gxf6 29.Ke3 Bc8 30.Rxh5 Be6 31.Rh1 Rb8 32.f4 Nc4+ 33.Bxc4 Bxc4 34.
Rd1 b4 35.axb4 Rxb4 36.Rd2 Bb5 37.f5 Rb3 38.Kd4 a3 39.bxa3 c5+ 40.Kxc5 
Rxc3+ 41.Kxb5 Rxa3 42.Kc5 Rxg3 43.Kd6 Kf8 44.e5 fxe5 45.Kxe5 Kg7 46.Re2 
Rg1 47.Re3 1/2-1/2

[Event "15th EUR-ch (w)"]
[Site "Plovdiv BUL"]
[Date "2014.07.12"]
[Round "7.26"]
[White "Mammadova, Gulnar"]
[Black "Belenkaya, Dina"]
[Result "1-0"]
[WhiteElo "2331"]
[BlackElo "2223"]
[EventDate "2014.07.06"]
[PlyCount "105"]

1.e4 c6 2.d4 d5 3.e5 c5 4.dxc5 e6 5.Be3 Nh6 6.Nf3 Nf5 7.Bg5 Qc7 8.Bd3 Bxc5
9.O-O Nc6 10.Nc3 Nfe7 11.Nb5 Qb8 12.Bf4 Ng6 13.Bxg6 hxg6 14.Nd6+ Bxd6 15.
exd6 O-O 16.Re1 Bd7 17.Qd3 f6 18.c4 Nb4 19.Qd2 a5 20.a3 Na6 21.Rac1 Rc8 
22.cxd5 e5 23.Rxc8+ Bxc8 24.Nxe5 fxe5 25.Rxe5 Bf5 26.Re7 Nc5 27.Qd4 Qf8 
28.Qxc5 Re8 29.Qe3 Bd7 30.h3 Bb5 31.Qe6+ Kh7 32.Be5 Rxe7 33.Qxe7 Qxe7 34.
dxe7 Kg8 35.f4 Kf7 36.d6 Ke6 37.Kf2 Bc6 38.h4 Kf7 39.b4 axb4 40.axb4 Ke6 
41.Ke3 Kd5 42.g4 Ke6 43.Kd4 b6 44.f5+ gxf5 45.gxf5+ Kf7 46.Ke3 Be8 47.Kf4 
Bd7 48.Kg5 Be8 49.h5 Bc6 50.f6 gxf6+ 51.Bxf6 Ba4 52.h6 Bc2 53.d7 1-0

[Event "15th EUR-ch (w)"]
[Site "Plovdiv BUL"]
[Date "2014.07.12"]
[Round "7.27"]
[White "Kazimova, Narmin"]
[Black "Guramishvili, Sopiko"]
[Result "1/2-1/2"]
[WhiteElo "2180"]
[BlackElo "2402"]
[EventDate "2014.07.06"]
[PlyCount "88"]

1.Nf3 d5 2.g3 c5 3.Bg2 Nf6 4.O-O g6 5.d3 Bg7 6.Nbd2 Nc6 7.c4 O-O 8.a3 d4 
9.Ne1 a5 10.b3 Bf5 11.Nc2 e5 12.Rb1 Qe7 13.Ne4 Bxe4 14.dxe4 a4 15.b4 b6 
16.Qd3 Qe6 17.f4 Ne8 18.f5 Qe7 19.g4 Nd6 20.g5 f6 21.gxf6 Bxf6 22.Bh6 Bg7 
23.Bxg7 Kxg7 24.bxc5 bxc5 25.Rb6 Qc7 26.Rbb1 Rab8 27.Bh3 Rxb1 28.Rxb1 Rb8 
29.Ne1 Na5 30.Nf3 Naxc4 31.Ng5 Rxb1+ 32.Qxb1 Qb6 33.Ne6+ Kg8 34.Qxb6 Nxb6 
35.Nxc5 Kg7 36.fxg6 hxg6 37.Kf2 Kf7 38.e3 dxe3+ 39.Kxe3 Ndc4+ 40.Kd3 Nxa3 
41.Bd7 Ke7 42.Bxa4 Kd6 43.Nb7+ Kc7 44.Nc5 Kd6 1/2-1/2

[Event "15th EUR-ch (w)"]
[Site "Plovdiv BUL"]
[Date "2014.07.12"]
[Round "7.28"]
[White "Zawadzka, Jolanta"]
[Black "Fuchs, Judith"]
[Result "0-1"]
[WhiteElo "2397"]
[BlackElo "2280"]
[EventDate "2014.07.06"]
[PlyCount "66"]

1.e4 c5 2.Nf3 Nc6 3.d4 cxd4 4.Nxd4 Nf6 5.Nc3 d6 6.Bg5 e6 7.Qd2 Qb6 8.Bxf6 
gxf6 9.Nb3 Bd7 10.O-O-O O-O-O 11.f4 Be7 12.Be2 h5 13.Rhf1 Rdg8 14.Bf3 Na5 
15.Kb1 Nc4 16.Qe2 Ne3 17.h4 f5 18.exf5 Nxf5 19.Rg1 Kb8 20.Ne4 d5 21.Ng5 f6
22.Nh3 Nxh4 23.Rge1 Nxf3 24.Qxf3 h4 25.c4 Rg3 26.Qe2 Bb4 27.Rf1 Rhg8 28.
Rf2 e5 29.Rxd5 Bf5+ 30.Kc1 Re3 31.Qh5 Re1+ 32.Rd1 Qe3+ 33.Nd2 Qc3+ 0-1

[Event "15th EUR-ch (w)"]
[Site "Plovdiv BUL"]
[Date "2014.07.12"]
[Round "7.30"]
[White "Shadrina, Tatiana"]
[Black "Stetsko, Lanita"]
[Result "1/2-1/2"]
[WhiteElo "2348"]
[BlackElo "2245"]
[EventDate "2014.07.06"]
[PlyCount "85"]

1.e4 e5 2.Nf3 Nc6 3.Bc4 Bc5 4.c3 Nf6 5.b4 Bb6 6.d3 d6 7.O-O Ne7 8.Bg5 Ng6 
9.Nh4 Nxh4 10.Bxh4 h6 11.a4 a5 12.bxa5 Rxa5 13.Nd2 g5 14.Bg3 Bg4 15.Qb3 
O-O 16.Rfe1 Nh5 17.Nf1 Qf6 18.Ne3 Be6 19.Ra2 Nxg3 20.hxg3 Bxe3 21.fxe3 
Bxc4 22.Qxc4 Qe6 23.Qxe6 fxe6 24.Rb1 b6 25.c4 Rfa8 26.Rb4 Kf7 27.g4 Kg6 
28.Kf2 Rf8+ 29.Kg3 Rf1 30.Rb5 Rd1 31.Rxa5 bxa5 32.Ra3 c5 33.Rb3 h5 34.
gxh5+ Kxh5 35.Kf3 Rf1+ 36.Ke2 Rg1 37.Kf2 Ra1 38.Rb6 Kg4 39.Rxd6 Ra2+ 40.
Kf1 Ra1+ 41.Kf2 Ra2+ 42.Kf1 Ra1+ 43.Kf2 1/2-1/2

[Event "15th EUR-ch (w)"]
[Site "Plovdiv BUL"]
[Date "2014.07.12"]
[Round "7.31"]
[White "Stiazhkina, Anna"]
[Black "Cosma, Elena-Luminita"]
[Result "1/2-1/2"]
[WhiteElo "2220"]
[BlackElo "2344"]
[EventDate "2014.07.06"]
[PlyCount "66"]

1.e4 e6 2.d4 d5 3.e5 c5 4.c3 Nc6 5.Nf3 Bd7 6.Be2 Rc8 7.O-O a6 8.a3 Nge7 9.
dxc5 Ng6 10.b4 Ncxe5 11.Nxe5 Nxe5 12.f4 Nc6 13.c4 Be7 14.Bb2 Bf6 15.Ra2 
O-O 16.Bxf6 Qxf6 17.Rd2 Ne7 18.f5 Nxf5 19.cxd5 Qh6 20.dxe6 Bxe6 21.Qc1 
Qe3+ 22.Kh1 Rcd8 23.Rfd1 Rde8 24.Bf3 Bb3 25.Rf1 Qh6 26.Kg1 Ne3 27.Re1 Nc2 
28.Rf1 Ne3 29.Re1 Nc2 30.Rf1 Ne3 31.Re1 Nc2 32.Rf1 Ne3 33.Re1 Nc2 1/2-1/2

[Event "15th EUR-ch (w)"]
[Site "Plovdiv BUL"]
[Date "2014.07.12"]
[Round "7.33"]
[White "Sandu, Mihaela"]
[Black "Agrest, Inna"]
[Result "0-1"]
[WhiteElo "2308"]
[BlackElo "2223"]
[EventDate "2014.07.06"]
[PlyCount "114"]

1.e4 e5 2.Nf3 Nc6 3.Bc4 Nf6 4.d3 Bc5 5.Bb3 d6 6.c3 a6 7.Nbd2 Ba7 8.O-O O-O
9.h3 Nh5 10.Nxe5 Nxe5 11.Qxh5 Nxd3 12.Nf3 Qf6 13.Bg5 Qg6 14.Qxg6 hxg6 15.
Rad1 Nc5 16.Bc2 Be6 17.Nd4 Bc4 18.Rfe1 f6 19.Be3 Rfe8 20.b3 Bf7 21.Nf3 Ne6
22.Bxa7 Rxa7 23.Nd2 a5 24.f3 b5 25.Bd3 Rb8 26.Bf1 b4 27.Re3 a4 28.Bc4 Nc5 
29.Bxf7+ Kxf7 30.f4 axb3 31.axb3 Ra2 32.e5 dxe5 33.cxb4 exf4 34.Rc3 Ne6 
35.Nf3 Rxb4 36.Re1 Ra6 37.Rd3 Rd6 38.Rc3 g5 39.Re2 c5 40.Ra2 Rdb6 41.Nd2 
Kg6 42.Kh2 Rd6 43.Kg1 Rd5 44.Kf2 Nd4 45.Rd3 Re5 46.Nc4 Re6 47.Rb2 Nxb3 48.
Rdxb3 Rxc4 49.Rb7 Rc1 50.Rc7 Re3 51.Rd2 Ree1 52.g4 fxg3+ 53.Kxg3 Re3+ 54.
Kg2 Rcc3 55.Rdd7 Rc2+ 56.Kf1 Rxh3 57.Rxg7+ Kf5 0-1

[Event "15th EUR-ch (w)"]
[Site "Plovdiv BUL"]
[Date "2014.07.12"]
[Round "7.35"]
[White "Peptan, Corina-Isabela"]
[Black "Stiazhkina, Olga"]
[Result "1/2-1/2"]
[WhiteElo "2453"]
[BlackElo "2177"]
[EventDate "2014.07.06"]
[PlyCount "74"]

1.c4 c5 2.Nf3 Nc6 3.Nc3 Nf6 4.g3 d5 5.cxd5 Nxd5 6.Bg2 Nc7 7.O-O e5 8.d3 
Be7 9.Bd2 O-O 10.Rc1 Kh8 11.a3 Ne6 12.Ne1 Ned4 13.e3 Ne6 14.Qe2 Bd7 15.Nf3
Rc8 16.Rfd1 Be8 17.Be1 f5 18.Nd2 Bg6 19.Nc4 Bf6 20.Nd5 f4 21.Qg4 Bf7 22.
gxf4 exf4 23.Nxf4 Nxf4 24.Qxf4 Bh5 25.Qd6 Bxd1 26.Rxd1 b5 27.Qxd8 Rfxd8 
28.Na5 Nxa5 29.Bxa5 Rd6 30.Rd2 g6 31.Bb7 Rf8 32.Kf1 Bd8 33.Bc3+ Bf6 34.Ba5
Bd8 35.Bc3+ Bf6 36.Ba5 Bd8 37.Bc3+ Bf6 1/2-1/2

[Event "15th EUR-ch (w)"]
[Site "Plovdiv BUL"]
[Date "2014.07.12"]
[Round "7.36"]
[White "Petrenko, Svetlana"]
[Black "Daulyte, Deimante"]
[Result "0-1"]
[WhiteElo "2183"]
[BlackElo "2405"]
[EventDate "2014.07.06"]
[PlyCount "140"]

1.e4 e6 2.Qe2 d5 3.exd5 Qxd5 4.Nf3 c5 5.Nc3 Qd8 6.Ne5 Nf6 7.g3 Nbd7 8.Bg2 
Nxe5 9.Qxe5 Bd6 10.Qe2 a6 11.O-O Rb8 12.a4 O-O 13.b3 Bd7 14.Bb2 Qc7 15.f4 
Rfe8 16.d3 Bc6 17.Ne4 Nxe4 18.dxe4 e5 19.f5 f6 20.a5 Bb5 21.c4 Bc6 22.Rfd1
Bf8 23.Bc3 Qf7 24.Rd3 Qc7 25.g4 Red8 26.Rg3 Be7 27.h4 h6 28.Qb2 Rd4 29.Re1
Rbd8 30.Qc2 R4d7 31.Kh2 Kf7 32.Bh3 Rd4 33.Bg2 R8d7 34.Kh3 Ke8 35.Bxd4 cxd4
36.Qd2 Qd6 37.Rd1 Kd8 38.Rd3 Qb4 39.Qxb4 Bxb4 40.Ra1 Kc7 41.Bf3 Kd6 42.g5 
hxg5 43.hxg5 Kc5 44.Kg4 Bc3 45.Rb1 Bxa5 46.Kh5 fxg5 47.Kxg5 Rd6 48.Rh1 
Bd8+ 49.Kg4 Kb4 50.Rh7 Bf6 51.Rh8 a5 52.Ra8 Bd8 53.Kh5 Rh6+ 54.Kg4 Bf6 55.
Kg3 Rh4 56.Rb8 Rxe4 57.Bxe4 Bxe4 58.Rd1 Kxb3 59.c5 Kc2 60.Re1 Bc6 61.Re2+ 
Kd3 62.Ra2 a4 63.Kg4 e4 64.Rh8 e3 65.Rhh2 Ke4 66.Rhb2 d3 67.Rb4+ Bd4 68.
Kg3 d2 69.Rb1 Kd3 70.Kf4 e2 0-1